[Event "City of Adelaide"]
[Site "Adelaide"]
[Date "2009.08.18"]
[Round "6.1"]
[White "Juszczynski, Mathew"]
[Black "Thiyagarajah, Anand"]
[Result "1-0"]
[WhiteElo "1872"]
[BlackElo "1764"]
[PlyCount "79"]
[EventDate "2009.07.14"]
[EventType "swiss"]
[EventRounds "9"]
[EventCountry "AUS"]

1. Nf3 d5 2. d4 Nf6 3. c4 c6 4. Nc3 g6 5. e3 Bg7 6. Bd3 O-O 7. O-O Nbd7 8. b3
Re8 9. cxd5 Nxd5 10. Nxd5 cxd5 11. Bb2 Nf6 12. Rc1 Qa5 13. a4 Bg4 14. Bc3 Qb6
15. a5 Bxf3 16. gxf3 Qe6 17. Bb4 Rac8 18. Qd2 a6 19. Be2 Bf8 20. Bc5 Nd7 21. b4
Qh3 22. f4 e6 23. Rc2 Qh4 24. Rfc1 Bxc5 25. bxc5 Nb8 26. Rb1 Rc7 27. Rcb2 Qe7
28. Bd1 Nc6 29. Rb6 g5 30. fxg5 Qxg5+ 31. Kh1 Nd8 32. Ba4 Qe7 33. Bxe8 Qxe8 34.
Qe2 f5 35. Rg1+ Kf8 36. Qf3 Qf7 37. Rd6 Nc6 38. Qf4 Nxa5 39. Rd8+ Ke7 40. Qxc7+
1-0

[Event "City of Adelaide"]
[Site "Adelaide"]
[Date "2009.08.18"]
[Round "6.2"]
[White "Mdinaradze, Edgar"]
[Black "Paprzycki, Eryk"]
[Result "1-0"]
[WhiteElo "1853"]
[BlackElo "1556"]
[PlyCount "62"]
[EventDate "2009.07.14"]
[EventType "swiss"]
[EventRounds "9"]
[EventCountry "AUS"]

1. c4 Nf6 2. Nc3 g6 3. Nf3 Bg7 4. g3 d6 5. Bg2 O-O 6. Qc2 c5 7. d3 Nc6 8. Bg5
Rb8 9. O-O Bd7 10. h3 a6 11. Rad1 Re8 12. Qd2 Qc8 13. Kh2 b6 14. Bh6 e5 15. Bg5
Be6 16. Bxf6 Bxf6 17. Ne4 Qd8 18. Nxf6+ Qxf6 19. Ng5 Bd7 20. f4 exf4 21. Ne4
Qe6 22. Qxf4 f5 23. Nxc5 bxc5 24. Bd5 Qxd5 25. cxd5 Ne5 26. b3 Nf7 27. Rf2 g5
28. Qd2 Kg7 29. e3 Kg6 30. Rdf1 Rb4 31. e4 Re5 1-0

[Event "City of Adelaide"]
[Site "Adelaide"]
[Date "2009.08.18"]
[Round "6.3"]
[White "Ivkovic, Novica"]
[Black "Haydn, Gavin"]
[Result "1-0"]
[WhiteElo "1542"]
[BlackElo "1464"]
[PlyCount "115"]
[EventDate "2009.07.14"]
[EventType "swiss"]
[EventRounds "9"]
[EventCountry "AUS"]

1. d4 d5 2. c4 e6 3. Nc3 Nf6 4. Bg5 Be7 5. e3 c6 6. Qc2 Nbd7 7. Nf3 O-O 8. Bd3
dxc4 9. Bxc4 Nd5 10. Bxe7 Qxe7 11. Rc1 Nb4 12. Qe2 b5 13. Bb3 Bb7 14. a3 Nd5
15. Ne4 a5 16. O-O Rfc8 17. Nc5 Nxc5 18. Rxc5 Nf6 19. Rfc1 Nd7 20. R5c2 h6 21.
Ba2 Rab8 22. Qd3 c5 23. d5 c4 24. Qd2 Bxd5 25. Qxa5 Nc5 26. Qd2 Be4 27. b4 Na4
28. Bb1 Bxc2 29. Qxc2 g6 30. Ne5 Qe8 31. h4 f5 32. g4 Rc7 33. Kh2 Rg7 34. Rg1
Rbb7 35. f4 Qd8 36. Kh3 Qd5 37. Rd1 Nc3 38. Rxd5 Nxd5 39. Qf2 Ra7 40. Qb2 Nxe3
41. Kg3 Nd5 42. Nc6 Rad7 43. Qe5 Kf7 44. Nd4 Nc7 45. g5 hxg5 46. hxg5 Rh7 47.
Qf6+ Kg8 48. Qxg6+ Rhg7 49. Qf6 Nd5 50. Qxe6+ Kf8 51. Nxf5 Nc7 52. Qf6+ Rdf7
53. Qd8+ Ne8 54. Be4 Rd7 55. Qb8 Rgf7 56. Qxb5 Ra7 57. Qc5+ Kg8 58. Nh6+ 1-0

[Event "City of Adelaide"]
[Site "Adelaide"]
[Date "2009.08.18"]
[Round "6.5"]
[White "Cloudsdale, Colin"]
[Black "Mading, John Thon"]
[Result "1-0"]
[WhiteElo "1928"]
[BlackElo "1412"]
[PlyCount "120"]

1. e4 d5 2. exd5 Qxd5 3. Nc3 Qd8 4. Bc4 e6 5. d4 c6 6. Nf3 Nf6 7. Bg5 Be7 8.
Qd2 Nbd7 9. O-O-O a5 10. Ne5 Nb6 11. Rhe1 Nxc4 12. Nxc4 h6 13. Bh4 b5 14. Ne5
Bb7 15. Qe2 b4 16. Na4 Nd5 17. Nxf7 Kxf7 18. Qxe6+ Kf8 19. Bxe7+ Qxe7 20. Nc5
Qxe6 21. Rxe6 Ra7 22. Rd3 Kf7 23. Rf3+ Nf6 24. Rd6 Ba8 25. Kd2 Re8 26. Nd7 Re6
27. Rxe6 Kxe6 28. Nc5+ Kd6 29. Kd3 Re7 30. Rg3 h5 31. Rg6 Kc7 32. h3 Nd5 33. g3
h4 34. Ne6+ Kc8 35. Nxg7 hxg3 36. fxg3 Re3+ 37. Kd2 Re4 38. Nf5 Kc7 39. c4
bxc3+ 40. bxc3 Kb6 41. h4 Ne7 42. Nxe7 Rxe7 43. h5 Bb7 44. h6 Rh7 45. g4 Bc8
46. g5 Bf5 47. Rf6 Be4 48. Ke3 Bb1 49. a3 Kb5 50. Kf4 c5 51. d5 Kc4 52. Ke5
Kxc3 53. d6 Kb3 54. Ke6 Kxa3 55. d7 Ba2+ 56. Kd6 Rh8 57. Kxc5 Bb3 58. Kd6 Ba4
59. g6 Bxd7 60. g7 Ra8 1-0

[Event "City of Adelaide"]
[Site "Adelaide"]
[Date "2009.08.18"]
[Round "6.6"]
[White "Turcaj, Pavel"]
[Black "Staak, Eric"]
[Result "1-0"]
[WhiteElo "1530"]
[BlackElo "1488"]
[PlyCount "65"]
[EventDate "2009.07.14"]
[EventType "swiss"]
[EventRounds "9"]
[EventCountry "AUS"]

1. e4 e6 2. d4 d5 3. Nc3 dxe4 4. Nxe4 Nd7 5. Nf3 Ngf6 6. Bd3 c5 7. Nxc5 Nxc5 8.
dxc5 Bxc5 9. Bg5 Qb6 10. O-O Qxb2 11. Rb1 Qxa2 12. Bxf6 gxf6 13. Bb5+ Ke7 14.
Qd3 Qd5 15. Qe2 b6 16. Rfd1 Qf5 17. Bc6 Rb8 18. Rd5 Qg4 19. Rxc5 Rg8 20. g3 Bb7
21. Rc4 Qh5 22. Bxb7 Rxb7 23. Rd1 Rg4 24. Rc3 f5 25. Qd3 Re4 26. Qd6+ Kf6 27.
Qd8+ Kg7 28. Kg2 f4 29. Rc8 fxg3 30. hxg3 Re2 31. Qh8+ Kg6 32. Nh4+ Kh6 33.
Qf6+ 1-0

[Event "City of Adelaide"]
[Site "Adelaide"]
[Date "2009.08.18"]
[Round "6.7"]
[White "Vuckov, George"]
[Black "Shohani, Ammar"]
[Result "0-1"]
[WhiteElo "1237"]
[BlackElo "1522"]
[PlyCount "84"]
[EventDate "2009.07.14"]
[EventType "swiss"]
[EventRounds "9"]
[EventCountry "AUS"]

1. d4 f5 2. Nc3 Nf6 3. Bg5 e6 4. e4 fxe4 5. Nxe4 Be7 6. Bd3 Nxe4 7. Bxe7 Qxe7
8. Bxe4 O-O 9. c3 d5 10. Bd3 c5 11. dxc5 e5 12. Qh5 g6 13. Qh6 e4 14. Bc2 Qxc5
15. Qd2 Nc6 16. O-O-O Be6 17. Kb1 Rxf2 18. Qg5 Raf8 19. Nh3 Bxh3 20. gxh3 R8f5
21. Qg3 Ne5 22. Rhe1 b5 23. Qe3 Qxe3 24. Rxe3 Nc4 25. Ree1 Rxh2 26. Kc1 Rff2
27. Bb3 Nb6 28. Rxe4 Rxb2 29. Rde1 Rbf2 30. Re8+ Kg7 31. R8e7+ Rf7 32. R7e5
Rxh3 33. Kc2 Rh2+ 34. Kd1 a5 35. Bxd5 Nxd5 36. Rxd5 Rxa2 37. Rde5 b4 38. cxb4
axb4 39. Kc1 Ra1+ 40. Kb2 Rxe1 41. Rxe1 Rb7 42. Kb3 h5 0-1

[Event "City of Adelaide"]
[Site "Adelaide"]
[Date "2009.08.18"]
[Round "6.8"]
[White "Anderson-Smith, William"]
[Black "Glascott, Brent"]
[Result "1-0"]
[WhiteElo "1551"]
[BlackElo "1215"]
[PlyCount "87"]
[EventDate "2009.07.14"]
[EventType "swiss"]
[EventRounds "9"]
[EventCountry "AUS"]

1. d4 Nf6 2. c4 e6 3. Nf3 b6 4. g3 Bb7 5. Bg2 Be7 6. O-O O-O 7. Nc3 d5 8. b3
Ne4 9. Bb2 Nd7 10. cxd5 exd5 11. Qc2 Ndf6 12. Rac1 c6 13. Ne5 Ng5 14. Rfd1 Qc7
15. e3 Rfd8 16. Ne2 c5 17. dxc5 bxc5 18. Nf4 d4 19. exd4 Bxg2 20. Kxg2 Qb7+ 21.
Kg1 cxd4 22. Qc6 Qb4 23. Qg2 Re8 24. Rxd4 Qb6 25. Rdc4 Ne6 26. Nc6 Qc7 27. Nxe6
fxe6 28. Ne5 Qa5 29. Nc6 Qc7 30. Be5 Qd7 31. Nxe7+ Qxe7 32. Rc7 Qa3 33. Qb7 Qf8
34. g4 h6 35. h4 Red8 36. Qf3 Rac8 37. g5 Rxc7 38. Rxc7 Qb4 39. Kg2 Qxh4 40.
gxf6 Qg5+ 41. Bg3 gxf6 42. Rxa7 h5 43. Qb7 h4 44. Qf7+ 1-0

[Event "Ciity of Adelaide"]
[Site "Adelaide"]
[Date "2009.08.18"]
[Round "6.9"]
[White "Branson, Edward"]
[Black "Daenke, Stephen"]
[Result "1-0"]
[WhiteElo "1045"]
[BlackElo "1210"]
[PlyCount "35"]
[EventDate "2009.07.14"]
[EventType "swiss"]
[EventRounds "9"]
[EventCountry "AUS"]

1. e4 c5 2. Nf3 g6 3. d4 cxd4 4. Nxd4 Nc6 5. Be3 Nf6 6. Nc3 Bg7 7. Qd2 Ng4 8.
Nxc6 bxc6 9. O-O-O Nxe3 10. Qxe3 O-O 11. h4 Qa5 12. Bc4 Qb4 13. Bb3 Bxc3 14.
bxc3 c5 15. cxb4 cxb4 16. h5 e6 17. e5 Kh8 18. Qh6 1-0

[Event "City of Adelaide"]
[Site "Adelaide"]
[Date "2009.08.18"]
[Round "6.10"]
[White "Lower, Kevin"]
[Black "Bortsova, Natasha"]
[Result "1/2-1/2"]
[WhiteElo "1051"]
[BlackElo "1436"]
[PlyCount "68"]
[EventDate "2009.07.14"]
[EventType "swiss"]
[EventRounds "9"]
[EventCountry "AUS"]

1. e4 d6 2. d4 Nf6 3. Nc3 g6 4. Bg5 Bg7 5. Qd2 c6 6. f3 b5 7. a3 a5 8. Bh6 O-O
9. Nge2 Bb7 10. g4 b4 11. Nd1 bxa3 12. Rxa3 e6 13. Bxg7 Kxg7 14. g5 Nh5 15. Ng3
Nxg3 16. hxg3 Rh8 17. f4 f5 18. gxf6+ Qxf6 19. e5 dxe5 20. dxe5 Qe7 21. Rxa5
Rd8 22. Qc3 Qd7 23. Bd3 c5 24. Rxa8 Bxa8 25. Qxc5 Bxh1 26. Ne3 Qd4 27. Qe7+ Kh6
28. Qg5+ Kg7 29. Qf6+ Kg8 30. Qxe6+ Kf8 31. Qf6+ Ke8 32. Qe6+ Kf8 33. Qf6+ Ke8
34. Qe6+ Kf8 1/2-1/2

[Event "City of Adelaide"]
[Site "Adelaide"]
[Date "2009.08.25"]
[Round "7.1"]
[White "Cloudsdale, Colin"]
[Black "Juszczynski, Mathew"]
[Result "1-0"]
[WhiteElo "1928"]
[BlackElo "1872"]
[PlyCount "79"]
[EventDate "2009.07.14"]
[EventType "swiss"]
[EventRounds "9"]
[EventCountry "AUS"]

1. e4 c5 2. Nf3 d6 3. d4 cxd4 4. Nxd4 Nf6 5. Nc3 a6 6. Be2 e5 7. Nb3 Be7 8. f4
O-O 9. O-O b5 10. a4 b4 11. Nd5 Nxd5 12. exd5 Nd7 13. Kh1 Qc7 14. Be3 Bb7 15.
Rc1 exf4 16. Rxf4 Bg5 17. Rc4 Qd8 18. Bxg5 Qxg5 19. Bf3 Ne5 20. Rxb4 Rab8 21.
Rd4 Rfe8 22. Nd2 f5 23. c4 a5 24. Qg1 Bc8 25. b3 Nd7 26. Rf1 Nc5 27. Bd1 Bd7
28. Rdf4 Nd3 29. g3 Nxf4 30. gxf4 Qf6 31. Nf3 Re4 32. Qa7 Rd8 33. Ng5 Ree8 34.
Qxa5 Qd4 35. Ne6 Bxe6 36. dxe6 d5 37. c5 Rc8 38. Bf3 Rxc5 39. Qa7 Qd3 40. Qf7+
1-0

[Event "City of Adelaide"]
[Site "Adelaide"]
[Date "2009.08.25"]
[Round "7.2"]
[White "Mdinaradze, Edgar"]
[Black "Ivkovic, Novica"]
[Result "1-0"]
[WhiteElo "1853"]
[BlackElo "1542"]
[PlyCount "159"]
[EventDate "2009.07.14"]
[EventType "swiss"]
[EventRounds "9"]
[EventCountry "AUS"]

1. c4 e5 2. g3 Bc5 3. Bg2 Qf6 4. e3 Nc6 5. Nc3 Nb4 6. d3 Qg6 7. Ne4 Be7 8. a3
f5 9. axb4 fxe4 10. Bxe4 Bxb4+ 11. Bd2 Bxd2+ 12. Qxd2 Qf6 13. h4 d6 14. Ne2 c6
15. Nc3 Ne7 16. Bg2 Bg4 17. Ne4 Qe6 18. Qb4 O-O 19. Qxd6 Rfd8 20. Qxe6+ Bxe6
21. Ke2 a5 22. Nc5 Bf7 23. Be4 b6 24. Na4 Rab8 25. b3 Nc8 26. Bxc6 Bh5+ 27. f3
Ne7 28. Be4 b5 29. cxb5 Rxb5 30. Rhb1 Bf7 31. Nc3 Rc5 32. Kd2 Rdc8 33. Rc1 Bxb3
34. d4 exd4 35. exd4 Rd8 36. Ke3 Rh5 37. g4 Rxh4 38. Rxa5 Rh2 39. Rb1 Bf7 40.
Rb7 Re8 41. d5 Ng6 42. Raa7 Rf8 43. Nb5 Rb2 44. Nd6 Rxb7 45. Rxb7 Nh8 46. Kd4
g6 47. f4 Be8 48. Nxe8 Rxe8 49. f5 Nf7 50. Bd3 g5 51. f6 Rf8 52. Bf5 Kh8 53.
Kc5 h6 54. d6 Nxd6 55. Rh7+ Kg8 56. Rg7+ Kh8 57. Rh7+ Kg8 58. Kxd6 Rxf6+ 59.
Ke7 Rb6 60. Kd8 Ra6 61. Rc7 Kf8 62. Kc8 Rd6 63. Kb7 Rd5 64. Bg6 Rd6 65. Bh5 Re6
66. Rc6 Re7+ 67. Kb6 Re5 68. Rxh6 Ke7 69. Kc6 Ra5 70. Rh7+ Ke6 71. Rg7 Ra6+ 72.
Kb5 Ra1 73. Rg6+ Ke5 74. Rxg5+ Kf4 75. Rf5+ Kg3 76. g5 Kh4 77. g6 Rc1 78. Rc5
Rg1 79. Kc6 Rd1 80. Bxd1 1-0

[Event "City of Adelaide"]
[Site "Adelaide"]
[Date "2009.08.25"]
[Round "7.3"]
[White "Thiyagarajah, Anand"]
[Black "Paprzycki, Eryk"]
[Result "1-0"]
[WhiteElo "1764"]
[BlackElo "1556"]
[PlyCount "107"]
[EventDate "2009.07.14"]
[EventType "swiss"]
[EventRounds "9"]
[EventCountry "AUS"]

1. e4 c5 2. c3 Nf6 3. e5 Nd5 4. d4 Qc7 5. Nf3 Nc6 6. Na3 e6 7. Nb5 Qb8 8. c4
Nb6 9. dxc5 Bxc5 10. Nd6+ Bxd6 11. exd6 a5 12. Be3 Ra6 13. c5 Nd5 14. Bxa6 bxa6
15. Bd4 f6 16. O-O O-O 17. Re1 Bb7 18. Qd2 Qd8 19. a3 h6 20. Bc3 f5 21. Be5 Nf6
22. Bxf6 Qxf6 23. Re3 g5 24. Qc3 Qg6 25. Ne5 Nxe5 26. Rxe5 g4 27. Qxa5 Bd5 28.
Rxd5 exd5 29. Qxa6 f4 30. Qb7 Qf5 31. Rd1 Re8 32. Qb3 h5 33. f3 Re5 34. Qd3 Qf6
35. Qc3 gxf3 36. Qxf3 Rg5 37. Rd2 Qf5 38. Qd3 Qf6 39. Qe2 Re5 40. Qf3 Qh4 41.
g3 fxg3 42. hxg3 Qg4 43. Rf2 Qg7 44. Kg2 h4 45. g4 Rg5 46. Kh3 Re5 47. Qf6 Re3+
48. Kh2 Qxf6 49. Rxf6 Re2+ 50. Kh3 Rxb2 51. c6 dxc6 52. d7 Rb8 53. Rxc6 Kf7 54.
Rc8 1-0

[Event "City of Adelaide"]
[Site "Adelaide"]
[Date "2009.08.25"]
[Round "7.4"]
[White "Haydn, Gavin"]
[Black "Turcaj, Pavel"]
[Result "1-0"]
[WhiteElo "1464"]
[BlackElo "1530"]
[PlyCount "87"]
[EventDate "2009.07.14"]
[EventType "swiss"]
[EventRounds "9"]
[EventCountry "AUS"]

1. d4 Nf6 2. c4 e6 3. Nc3 Bb4 4. Qc2 O-O 5. e4 d5 6. e5 Ne4 7. a3 Be7 8. Nxe4
dxe4 9. Qxe4 Nc6 10. Nf3 f6 11. Bd3 f5 12. Qf4 g5 13. Nxg5 Bxg5 14. Qxg5+ Qxg5
15. Bxg5 Nxd4 16. O-O c5 17. Rae1 Rf7 18. Bf6 b6 19. f4 Bb7 20. Re3 Rc8 21. h3
h5 22. g4 hxg4 23. hxg4 Rh7 24. gxf5 Rh1+ 25. Kf2 Rh2+ 26. Ke1 exf5 27. e6 Re8
28. Bxd4 cxd4 29. Rg3+ Kf8 30. Bxf5 Be4 31. Bg4 Bc2 32. Rf2 Rh1+ 33. Kd2 d3 34.
f5 Rb1 35. f6 Rxb2 36. e7+ Rxe7 37. fxe7+ Kxe7 38. Re3+ Kd6 39. Kc3 Rb3+ 40.
Kd4 Rxa3 41. Rf6+ Kc7 42. Re7+ Kd8 43. Rh7 Ke8 44. Bh5+ 1-0

[Event "City of Adelaide"]
[Site "Adelaide"]
[Date "2009.08.25"]
[Round "7.5"]
[White "Mading, John Thon"]
[Black "Kerr, Bill"]
[Result "0-1"]
[WhiteElo "1412"]
[BlackElo "1894"]
[PlyCount "88"]
[EventDate "2009.07.14"]
[EventType "swiss"]
[EventRounds "9"]
[EventCountry "AUS"]

1. d4 Nc6 2. Nf3 d5 3. c3 Bg4 4. Qa4 f6 5. Bf4 e6 6. Nbd2 Bd6 7. Bxd6 Qxd6 8.
g3 Nge7 9. Bg2 a6 10. O-O b5 11. Qc2 Bf5 12. e4 Bg4 13. Rfe1 O-O 14. h3 Bh5 15.
Nh4 Rad8 16. a3 Na5 17. b4 Nc4 18. Nxc4 bxc4 19. e5 Qb6 20. g4 Be8 21. Re3 Ng6
22. Nxg6 Bxg6 23. Qe2 Bd3 24. Rxd3 cxd3 25. Qxd3 fxe5 26. Re1 e4 27. Qe3 Rf6
28. f3 exf3 29. Bxf3 Rdf8 30. Bg2 Rg6 31. Kh1 Qd6 32. a4 Qf4 33. Qd3 Qd6 34.
Re5 Rgf6 35. Qe3 c6 36. g5 Rf2 37. Rxe6 Qc7 38. Re7 Qf4 39. Qxf4 R8xf4 40. Rc7
Rd2 41. Rxc6 Rf5 42. h4 Kf8 43. Rxa6 Rff2 44. Bxd5 Rf1# 0-1

[Event "City of Adelaide"]
[Site "Adelaide"]
[Date "2009.08.25"]
[Round "7.6"]
[White "Shohani, Ammar"]
[Black "Branson, Edward"]
[Result "1-0"]
[WhiteElo "1522"]
[BlackElo "1045"]
[PlyCount "55"]
[EventDate "2009.07.14"]
[EventType "swiss"]
[EventRounds "9"]
[EventCountry "AUS"]

1. e4 e5 2. c4 Nf6 3. d3 h6 4. Nc3 c6 5. f4 d6 6. f5 Be7 7. Nf3 Na6 8. Be2 Qb6
9. Na4 Qc7 10. O-O O-O 11. Be3 Bd7 12. Qd2 b5 13. cxb5 cxb5 14. Rac1 Qb7 15.
Nc3 Ng4 16. Nd5 Bd8 17. Kh1 Nxe3 18. Qxe3 Bg5 19. Nxg5 hxg5 20. Qxg5 f6 21. Qh4
Bc6 22. Rxc6 Rac8 23. Rfc1 Nc5 24. Rxc8 Rxc8 25. b4 Kf8 26. Qh8+ Kf7 27. Bh5+
g6 28. Bxg6# 1-0

[Event "City of Adelaide"]
[Site "Adelaide"]
[Date "2009.08.25"]
[Round "7.7"]
[White "Staak, Eric"]
[Black "Anderson-Smith, William"]
[Result "1/2-1/2"]
[WhiteElo "1488"]
[BlackElo "1551"]
[PlyCount "104"]
[EventDate "2009.07.14"]
[EventType "swiss"]
[EventRounds "9"]
[EventCountry "AUS"]

1. e4 e6 2. d4 d5 3. Nc3 Nf6 4. e5 Nfd7 5. Nce2 c5 6. Nf3 Nc6 7. c3 Qb6 8. a3
cxd4 9. cxd4 Be7 10. g3 O-O 11. Bh3 f5 12. Nf4 Nd8 13. Bg2 Qa6 14. Nd3 b5 15.
O-O Qb7 16. h4 a5 17. Be3 Nb6 18. Ng5 Nf7 19. Qh5 Bxg5 20. hxg5 g6 21. Qe2 Qe7
22. f4 Bd7 23. Nc5 Rfc8 24. Kf2 Nd8 25. Rh1 Be8 26. g4 Ra7 27. gxf5 exf5 28.
Rh3 Bc6 29. Rah1 Rcc7 30. Bd2 Qe8 31. Re1 Ne6 32. Nxe6 Qxe6 33. b4 a4 34. Bf1
Nc4 35. Qd1 Be8 36. Bc1 Ra8 37. Bxc4 bxc4 38. Bb2 Bb5 39. Bc3 Raa7 40. Rh6 Rg7
41. Ke2 Rac7 42. Kd2 Ra7 43. Re3 Rac7 44. Bb2 Ra7 45. Kc3 Rac7 46. Qh1 Ra7 47.
Reh3 Bc6 48. Qe1 Bb5 49. R3h4 Rac7 50. Qh1 Rcd7 51. Bc1 Rc7 52. Rh2 Rcd7
1/2-1/2

[Event "City of Adelaide"]
[Site "Adelaide"]
[Date "2009.08.15"]
[Round "7.8"]
[White "Searle, Zachary"]
[Black "Atrens, Karlis"]
[Result "1-0"]
[WhiteElo "1746"]
[BlackElo "1085"]
[PlyCount "59"]
[EventDate "2009.07.14"]
[EventType "swiss"]
[EventRounds "9"]
[EventCountry "AUS"]

1. e4 c6 2. d4 d5 3. exd5 cxd5 4. c4 Nf6 5. Nc3 Bg4 6. f3 Bh5 7. Bg5 e6 8. cxd5
exd5 9. Bxf6 Qxf6 10. Nxd5 Qe6+ 11. Qe2 Qxe2+ 12. Nxe2 Bd6 13. Nef4 Bg6 14.
Nxg6 hxg6 15. Kf2 O-O 16. Bc4 Nc6 17. Rad1 Rac8 18. Rhe1 Nb4 19. Bb3 Nxd5 20.
Bxd5 Rc2+ 21. Re2 Rxe2+ 22. Kxe2 Bxh2 23. Rc1 b6 24. Bb3 Bf4 25. Rc6 Re8+ 26.
Kd3 Kf8 27. d5 Re3+ 28. Kc4 Re2 29. d6 Rd2 30. Rc8# 1-0

[Event "City of Adelaide"]
[Site "Adelaide"]
[Date "2009.08.25"]
[Round "7.9"]
[White "Whitney, Garth"]
[Black "Bortsova, Natasha"]
[Result "0-1"]
[WhiteElo "919"]
[BlackElo "1436"]
[PlyCount "120"]
[EventDate "2009.07.14"]
[EventType "swiss"]
[EventRounds "9"]
[EventCountry "AUS"]

1. e4 d6 2. d4 Nf6 3. Bd3 g6 4. c4 Bg7 5. Nc3 e5 6. d5 c6 7. Nf3 Bg4 8. O-O O-O
9. Bg5 cxd5 10. Nxd5 Nbd7 11. b3 h6 12. Bxf6 Nxf6 13. h3 Bd7 14. Rc1 Rc8 15.
Re1 Re8 16. Qd2 Nxd5 17. exd5 f5 18. Bb1 e4 19. Nd4 Qf6 20. Ne6 Bxe6 21. dxe6
Qxe6 22. f3 e3 23. Qe2 f4 24. Be4 Kh8 25. Bxb7 Rc7 26. Bd5 Qe7 27. Qc2 Qg5 28.
Be4 Re6 29. Rcd1 Qc5 30. Rd5 Qb4 31. Kf1 g5 32. Rb5 Qxb5 33. cxb5 Rxc2 34. Bxc2
Re5 35. a4 Rc5 36. Be4 Re5 37. Rc1 d5 38. Rc8+ Bf8 39. Bd3 Kg7 40. Ke2 d4 41.
Rc7+ Re7 42. Rxe7+ Bxe7 43. Be4 Kf6 44. a5 Bd8 45. a6 Ke5 46. Kd1 Kd6 47. Bd3
Kc5 48. Kc2 Kb4 49. Be2 Kc5 50. Kd3 Bb6 51. Kc2 Kd5 52. b4 Ke5 53. Kb3 Kf6 54.
Kc4 Kg6 55. Kd3 Kh5 56. Ke4 Kh4 57. Kd3 Kg3 58. Bf1 Kf2 59. Be2 Kxg2 60. Kc2
Kxh3 0-1

[Event "City of Adelaide"]
[Site "Adelaide"]
[Date "2009.08.25"]
[Round "7.10"]
[White "Vuckov, George"]
[Black "Fitzpatrick, James"]
[Result "1-0"]
[WhiteElo "1237"]
[BlackElo "1401"]
[PlyCount "59"]
[EventDate "2009.07.14"]
[EventType "swiss"]
[EventRounds "9"]
[EventCountry "AUS"]

1. d4 Nf6 2. c4 g6 3. Nc3 Bg7 4. e4 d6 5. Nf3 O-O 6. Be2 c5 7. d5 a6 8. a4 e6
9. O-O exd5 10. exd5 h6 11. Bd3 Bg4 12. h3 Bxf3 13. Qxf3 Nbd7 14. Bf4 Qc7 15.
Rfe1 Rfe8 16. g4 Rxe1+ 17. Rxe1 Re8 18. Rxe8+ Nxe8 19. Bc2 Ne5 20. Qe3 Kf8 21.
b3 Qa5 22. Ne4 g5 23. Bg3 b5 24. axb5 axb5 25. cxb5 Qxb5 26. Nxd6 Qa5 27. Bxe5
Qc7 28. Bxg7+ Nxg7 29. Nc4 Ne8 30. Bf5 1-0

[Event "City of Adelaide"]
[Site "Adelaide"]
[Date "2009.08.25"]
[Round "7.11"]
[White "Glascott, Brent"]
[Black "Daenke, Stephen"]
[Result "0-1"]
[WhiteElo "1215"]
[BlackElo "1210"]
[PlyCount "62"]
[EventDate "2009.07.14"]
[EventType "swiss"]
[EventRounds "9"]
[EventCountry "AUS"]

1. d4 Nf6 2. c4 e6 3. Nc3 Bb4 4. Qc2 Nc6 5. Nf3 d6 6. Bg5 h6 7. Bh4 g5 8. Bg3
g4 9. Nd2 Nxd4 10. Qd3 e5 11. e4 Bd7 12. Bh4 Bxc3 13. Qxc3 Qe7 14. f4 Nxe4 15.
Nxe4 Qxh4+ 16. g3 Qe7 17. O-O-O Bc6 18. Re1 f5 19. Nf2 Bxh1 20. Nxh1 O-O-O 21.
Bg2 Rhe8 22. fxe5 dxe5 23. Nf2 Qg5+ 24. Kb1 e4 25. Nd1 Nf3 26. Rh1 Qd2 27. Ne3
Qxc3 28. bxc3 Rd2 29. h3 Re2 30. Bxf3 gxf3 31. Nxf5 f2 0-1

[Event "City of Adelaide"]
[Site "Adelaide"]
[Date "2009.09.01"]
[Round "8.1"]
[White "Kerr, Bill"]
[Black "Mdinaradze, Edgar"]
[Result "0-1"]
[WhiteElo "1894"]
[BlackElo "1853"]
[PlyCount "86"]
[EventDate "2009.07.14"]
[EventType "swiss"]
[EventRounds "9"]
[EventCountry "AUS"]

1. f4 Nf6 2. Nf3 c5 3. g3 Nc6 4. Bg2 g6 5. d3 d5 6. O-O Bg7 7. Qe1 O-O 8. h3
Qc7 9. Na3 a6 10. e4 e6 11. c3 b5 12. e5 Nd7 13. Be3 Bb7 14. Qf2 Ne7 15. g4
Rac8 16. Nc2 Nb6 17. Rae1 Rfd8 18. Kh1 Na4 19. Bc1 a5 20. d4 b4 21. cxb4 cxb4
22. Ne3 Ba6 23. Rg1 Bd3 24. Rd1 Bb1 25. Nd2 Bc2 26. Rde1 Qa7 27. Ndc4 dxc4 28.
Qxc2 Nb6 29. f5 Ned5 30. Nxd5 Nxd5 31. Bg5 Rd7 32. Qf2 c3 33. bxc3 Nxc3 34. Be3
Nd5 35. Bxd5 Rxd5 36. Rc1 Rc3 37. Rxc3 bxc3 38. Rb1 Qa8 39. Kh2 Rd8 40. Qg2 Qc8
41. Qc2 Qc6 42. d5 Bxe5+ 43. Kg1 Qxd5 0-1

[Event "City of Adelaide"]
[Site "Adelaide"]
[Date "2009.09.01"]
[Round "8.2"]
[White "Thiyagarajah, Anand"]
[Black "Shohani, Ammar"]
[Result "1-0"]
[WhiteElo "1764"]
[BlackElo "1522"]
[PlyCount "87"]
[EventDate "2009.07.14"]
[EventType "swiss"]
[EventRounds "9"]
[EventCountry "AUS"]

1. e4 c6 2. d4 d5 3. e5 Bf5 4. Nf3 e6 5. Bd3 Bxd3 6. Qxd3 Ne7 7. O-O Ng6 8. Be3
Nd7 9. Nbd2 c5 10. c3 c4 11. Qc2 b5 12. Rfe1 Be7 13. Nf1 a5 14. Ng3 Nb6 15. Nh5
Rg8 16. Kh1 Nf8 17. Qd2 Qc7 18. Ng5 g6 19. Ng3 h6 20. Nh3 g5 21. f4 g4 22. Nf2
Bh4 23. Nh5 O-O-O 24. g3 Be7 25. Qe2 Nbd7 26. Nxg4 Rg6 27. f5 exf5 28. Nxh6
Rxh6 29. Bxh6 Ne6 30. Rf1 Rh8 31. Be3 Bg5 32. Bxg5 Nxg5 33. Rxf5 Ne4 34. Rxf7
Qc6 35. Qg4 b4 36. Kg2 bxc3 37. bxc3 Qa4 38. Re1 Nxc3 39. e6 Qc2+ 40. Rf2 Nf6
41. Rxc2 Nxg4 42. Rxc3 Re8 43. e7 Kd7 44. h3 1-0

[Event "City of Adelaide"]
[Site "Adelaide"]
[Date "2009.09.01"]
[Round "8.3"]
[White "Juszczynski, Mathew"]
[Black "Haydn, Gavin"]
[Result "1-0"]
[WhiteElo "1872"]
[BlackElo "1464"]
[PlyCount "115"]
[EventDate "2009.07.14"]
[EventType "swiss"]
[EventRounds "9"]
[EventCountry "AUS"]

1. e4 c5 2. d4 cxd4 3. c3 e6 4. cxd4 d5 5. e5 Nc6 6. Nf3 Qb6 7. Nc3 Bd7 8. a3
Nge7 9. Na4 Qc7 10. Bd3 Nf5 11. Bxf5 exf5 12. O-O Be7 13. Bg5 h6 14. Bxe7 Nxe7
15. Nc5 O-O 16. Rc1 Nc6 17. b4 b6 18. Nd3 Qb7 19. Nf4 Ne7 20. Qc2 Be6 21. h4
Rac8 22. Qd2 Rc6 23. Rxc6 Nxc6 24. Rc1 Rc8 25. g3 Ne7 26. Kg2 Rc4 27. Ne2 Qc8
28. Qb2 Kh7 29. Nd2 Rxc1 30. Qxc1 Qxc1 31. Nxc1 g5 32. hxg5 hxg5 33. f4 g4 34.
Kf2 Kg6 35. Ke3 Nc6 36. Kd3 Bd7 37. Kc3 Nd8 38. Nf1 Ne6 39. Ne3 Nc7 40. Nd3
Nb5+ 41. Kd2 Nxd4 42. Nxd5 Be6 43. Ne3 a5 44. bxa5 bxa5 45. Nc5 Nb3+ 46. Nxb3
Bxb3 47. Kc3 a4 48. Kb4 f6 49. e6 Bxe6 50. Kxa4 Bd7+ 51. Kb4 Bc6 52. a4 Be4 53.
Kc5 Bb7 54. a5 Ba6 55. Kb6 Bd3 56. a6 Be4 57. a7 Ba8 58. Kc7 1-0

[Event "City of Adelaide"]
[Site "Adelaide"]
[Date "2009.09.01"]
[Round "8.4"]
[White "Paprzycki, Eryk"]
[Black "Cloudsdale, Colin"]
[Result "1/2-1/2"]
[WhiteElo "1556"]
[BlackElo "1928"]
[PlyCount "125"]
[EventDate "2009.07.14"]
[EventType "swiss"]
[EventRounds "9"]
[EventCountry "AUS"]

1. d4 Nf6 2. c4 e6 3. g3 c5 4. d5 exd5 5. cxd5 d6 6. Bg2 g6 7. Nc3 Bg7 8. e4
O-O 9. Nge2 Re8 10. O-O Na6 11. h3 Rb8 12. a4 Nc7 13. Qd3 Bd7 14. Bf4 b5 15.
Bxd6 c4 16. Qc2 Ncxd5 17. Nxd5 Nxd5 18. exd5 Bf5 19. Qd2 Qxd6 20. axb5 Rxb5 21.
Nd4 Rxd5 22. Nxf5 Rxd2 23. Nxd6 Rxd6 24. Rac1 Re2 25. Rxc4 Rxb2 26. Ra4 Bd4 27.
Bf3 Bb6 28. Rf4 Rdd2 29. Bc6 Kg7 30. g4 f6 31. Kg2 Bd4 32. Rf3 a5 33. Kg3 Kf8
34. h4 Ke7 35. Kg2 Be5 36. Kh3 Rb4 37. Ra3 Rdd4 38. Bf3 a4 39. Bd1 h5 40. Rg1
hxg4+ 41. Rxg4 Rxg4 42. Bxg4 Rb3+ 43. Rxb3 axb3 44. Bd1 b2 45. Bc2 Ke6 46. Kg4
Kf7 47. f4 f5+ 48. Kf3 Bf6 49. h5 gxh5 50. Bxf5 Ke7 51. Bb1 Kd6 52. Ke4 Kc5 53.
Ke3 Kc4 54. Ke2 Kc3 55. Kd1 Bd8 56. f5 Bf6 57. Ke2 Be5 58. Ke3 h4 59. Ke2 Bf6
60. Ke3 Be7 61. Ke2 Bg5 62. Be4 Kd4 63. Bb1 1/2-1/2